000 00735nam a22002417a 4500
999 _c56
_d56
005 20181020185010.0
006 a||||fr|||| 001 0d
007 ta
008 180710t2016 bl ||||fr|||| 001 0dspa d
020 _a978853625639
040 _aUdec
_cUdec
041 1 _aspa
_hbl
082 7 _221
_a340.1 Z34
100 1 _95
_aZantonelli, Maurício
_eCoordinador
245 1 3 _aTeoría de la argumentación juridica
_cZantonelli, Maurício; editor José Ernani de Carvalho Pacheco
250 _a1a ed.
260 _aCuritiba:
_bJurua,
_c2016
300 _a480 p.
_c25 cm.
650 1 7 _2LEMB
_97
_aARGUMENTACIÓN JURÍDICA
650 1 7 _2LEMB
_98
_aDERECHO FUNDAMENTAL
700 _99
_ade Carvalho Pacheco, José Ernai
_eed.
942 _2ddc
_cBK
_e1a